000 00211nam a22000857a 4500
008 160708b xxu||||| |||| 00| 0 eng d
100 _92477
_aEgmont
245 _aRed Rackham's Treasure
260 _aUSA
_bMacmillan
_c2009
999 _c2144
_d2144